Normal view
MARC view
- Usos y costumbres
Entry Materia
001 - NÚMERO DE CONTROL DEL REGISTRO
- campo de control: 15233
003 - IDENTIFICADOR DE NUMERO DE CONTROL
- campo de control: MX-MxUPN
005 - FECHA Y HORA DE LA ÚLTIMA TRANSACCIÓN
- campo de control: 20230915114115.0
008 - DATOS DE LONGITUD FIJA
- campo de control de longitud fija: 230915n||acnnnbabn | ana |d
035 ## - NÚMERO DE CONTROL DEL SISTEMA
- Número de control del sistema: UPN10000015241
040 ## - FUENTE DE LA CATALOGACIÓN
- Centro catalogador de origen: MX-MxUPN
- Lengua de catalogación: spa
- Agencia de transcripción: MX-MxUPN
150 ## - ENCABEZAMIENTO - TEMÁTICO
- Término de materia o nombre geográfico como elemento inicial: Usos y costumbres
360 ## - REFERENCIA COMPLEJA DE VÉASE ADEMÁS - MATERIA
- Texto explicativo: Véase también
- Encabezamiento al que se remite: INDIOS - VIDA SOCIAL Y COSTUMBRES ; JUDIOS - VIDA SOCIAL Y COSTUMBRES
- Texto explicativo: y encabezamientos similares, y subdivisión
- Encabezamiento al que se remite: VIDA SOCIAL Y COSTUMBRES
- Texto explicativo: bajo nombres de países, ciudades, etc.
450 ## - VÉASE - MATERIA
- Encabezamiento temático: Hábitos sociales
670 ## - FUENTE EN LA QUE SE LOCALIZARON DATOS
- Cita de la fuente: E
902 ## - CATALOGADOR
- Catalogador: MMA/030498
